Statistics for Call of Duty: Modern Warfare 2

Click here to take the quiz!

General Stats

  • This quiz has been taken 8 times
  • The average score is 79 of 114

Answer Stats

HintAnswer% Correct
LMGM240
100%
KillstreakAC130
86%
Assault RifleAK-47
86%
LauncherAT4
86%
EquipmentC4
86%
EquipmentClaymore
86%
HandgunDesert Eagle
86%
Special GrenadeFlashbang
86%
EquipmentFrag
86%
LauncherJavelin
86%
SniperM14 EBR/M21 EBR
86%
Assault RifleM16A4
86%
Assault RifleM4A1
86%
HandgunM9
86%
SMGP90
86%
LauncherRPG-7
86%
Assault RifleSCAR-H
86%
EquipmentSemtex
86%
KillstreakSentry Gun
86%
ShotgunSPAS-12
86%
LauncherStinger
86%
SMGUMP45
86%
Handgun.44 Magnum
71%
ShotgunAA-12
71%
Assault RifleACR
71%
MapAfghan
71%
KillstreakAttack Helicopter
71%
LMGAUG HBAR
71%
Map (DLC)Bailout
71%
SniperBarrett .50cal
71%
KillstreakCare Package
71%
KillstreakChopper Gunner
71%
Tier 2 PerkCold-Blooded
71%
Tier 3 PerkCommando
71%
KillstreakCounter-UAV
71%
MapDerail
71%
KillstreakEMP
71%
MapEstate
71%
Assault RifleF2000
71%
Assault RifleFAL
71%
Assault RifleFAMAS
71%
MapFavela
71%
Machine PistolG18
71%
KillstreakHarrier Strike
71%
MapHighrise
71%
SniperIntervention
71%
MapInvasion
71%
MapKarachi
71%
LMGL86 LSW
71%
ShotgunM1014
71%
Machine PistolM93 Raffica
71%
Tier 1 PerkMarathon
71%
LMGMG4
71%
SMGMini-Uzi
71%
ShotgunModel 1887
71%
SMGMP5K
71%
KillstreakPave Low
71%
Machine PistolPP2000
71%
KillstreakPrecision Airstrike
71%
KillstreakPredator Missile
71%
MapQuarry
71%
ShotgunRanger
71%
SpecialRiot Shield
71%
LMGRPD
71%
MapRundown
71%
MapRust
71%
Tier 1 PerkScavenger
71%
MapSkidrow
71%
Tier 3 PerkSteady Aim
71%
KillstreakStealth Bomber
71%
Map (DLC)Strike
71%
ShotgunStriker
71%
Special GrenadeStun
71%
MapSub Base
71%
KillstreakTactical Nuke
71%
Assault RifleTAR-21
71%
MapTerminal
71%
EquipmentThrowing Knife
71%
LauncherThumper
71%
Machine PistolTMP
71%
MapUnderpass
71%
HandgunUSP .45
71%
SMGVector
71%
SniperWA2000
71%
MapWasteland
71%
EquipmentBlast Shield
57%
Tier 1 PerkBling
57%
Map (DLC)Carnival
57%
DeathstreakCopycat
57%
Map (DLC)Crash
57%
Tier 2 PerkDanger Close
57%
KillstreakEmergency Airdrop
57%
DeathstreakFinal Stand
57%
Map (DLC)Fuel
57%
Tier 2 PerkHardline
57%
Tier 3 PerkLast Stand
57%
Tier 2 PerkLightweight
57%
DeathstreakMartyrdom
57%
Tier 3 PerkNinja
57%
Tier 1 PerkOne Man Army
57%
DeathstreakPainkiller
57%
Tier 3 PerkScrambler
57%
MapScrapyard
57%
Tier 3 PerkSitRep
57%
Tier 1 PerkSleight of Hand
57%
Tier 2 PerkStopping Power
57%
Map (DLC)Storm
57%
EquipmentTactical Insertion
57%
Map (DLC)Trailer Park
57%
Map (DLC)Overgrown
43%
Special GrenadeM18 Smoke Grenade
29%
Map (DLC)Salvage
29%
KillstreakUAV Recon
29%
Map (DLC)Vacant
29%

Score Distribution

Percentile by Number Answered

Percent of People with Each Score

Your Score History

You have not taken this quiz